TRRL Supplementry Report 809 Transport and Road Research Laboratory : Accessibility , Transport Costs and Food Marketing in the Ashanti Region of Ghana / (Record no. 2063)
[ view plain ]
| 000 -LEADER | |
|---|---|
| fixed length control field | 00467 a2200109 4500 |
| 022 ## - INTERNATIONAL STANDARD SERIAL NUMBER | |
| International Standard Serial Number | 03051315 |
| 082 ## - DEWEY DECIMAL CLASSIFICATION NUMBER | |
| Classification number | 307.12 HIN |
| 100 ## - MAIN ENTRY--PERSONAL NAME | |
| Personal name | Hine, J. L. |
| 245 ## - TITLE STATEMENT | |
| Title | TRRL Supplementry Report 809 Transport and Road Research Laboratory : Accessibility , Transport Costs and Food Marketing in the Ashanti Region of Ghana / |
| Statement of responsibility, etc. | J. L. Hine, J. D. N. Riverson, E. A. Kwakye |
| 260 ## - PUBLICATION, DISTRIBUTION, ETC. | |
| Place of publication, distribution, etc. | Berkshire : |
| Name of publisher, distributor, etc. | Transport and Road Research Laboratory, |
| Date of publication, distribution, etc. | 1983 |
| 300 ## - PHYSICAL DESCRIPTION | |
| Extent | 25 cm |
| Other physical details | ill. ; |
| Dimensions | 30 cm |
| 650 ## - SUBJECT ADDED ENTRY--TOPICAL TERM | |
| Topical term or geographic name entry element | Transport -- food |
| Withdrawn status | Lost status | Damaged status | Not for loan | Permanent Location | Current Location | Shelving location | Date acquired | Total Checkouts | Full call number | Barcode | Date last seen | Price effective from | Koha item type |
|---|---|---|---|---|---|---|---|---|---|---|---|---|---|
| School of Civil and Environmental Engineering (SCEE) | School of Civil and Environmental Engineering (SCEE) | 307.12 HIN | NIT-2254 | 01/05/2017 | 01/05/2017 | Book |
